000 01146cam a22003497a 4500
003 CHAP
005 20220817041439.0
008 971013s1968 r 00010 d
010 _a14756
011 _a15728
035 _a19804
040 _cCHAP
090 _aFolleto 869
100 0 0 _aGrabinsky Asz, Nathan.
_950153
245 1 4 _aEl desarrollo del sector agrícola dentro del marco del desarrollo regional de México
260 _a(México, D.F.) :
_b(s.n.),
_c1968
300 _a27 h
490 0 _aDocumento C-T-Ref./Agr. 1.5
590 _aBATCH-UPD
_b10
_c20130110
_lUCH01
_h0125
590 _aBATCH-UPD
_b10
_c20130110
_lUCH01
_h1133
590 _aBATCH-UPD
_b10
_c20130410
_lUCH01
_h0721
590 _aBATCH-UPD
_b10
_c20130914
_lUCH01
_h1544
590 _aCONVERSION
_b10
_c20130109
_lUCH01
_h1309
650 1 4 _aMéxico
_xCondiciones rurales.
650 1 4 _aPolítica agrícola
_zMéxico.
700 0 _aFrish G., Uwe.
_943486
830 0 _aDocumento C-T-Ref./Agr. 1.5
_933196
901 _aBK
942 _cFOLL
949 _aFolleto 869
_bBC
_cFOLL
_d-46224
_eTS1
_i19804
_si
949 _aFolleto 869
_bBC
_cFOLL
_d-46225
_eTS2
_fc.2
_i19804
_si
999 _c14756
_d14756